00961nam a2200181 a 450000100100000000500170001000800410002704000250006808200150009310000290010824501150013726000430025230000200029570000810031595201800039695201860057699900170076200003295720240301192839.0110804d1902 dr 000 0 spa d aDO-SdBNPbspacBNPHU axxxbG277s1 aGautreau, Eduardo95870010aSin telescopio :bUrano, las trombas marinas &a /cEduardo Gautreau ; prólogo de Manuel de Jesús Galván. aSanto Domingo :bTip. Nacional,c1902. a32 p. ;c21 cm.1 aGalván, Manuel de J. q(Manuel de Jesús)d1834-1910epról.928507 001050718RVaPDbPDcHDd2011-08-04iLF1l0oxxx G277sp32957-10r2020-06-25w2020-06-25y1zPerteneció a la biblioteca personal de Carlos Larrazabal BlancoZNo se presta 001050718RVaPDbPDcCTd2011-08-12iLF1l0oxxx G277sp32957-20r2020-06-25te. 2w2020-06-25y1zPerteneció a la biblioteca personal de Carlos Larrazabal BlancoZNo se presta c32448d32448